|
|
|
|
| LEADER |
01423ppm a22003138a 4500 |
| 001 |
00026879 |
| 005 |
20171026081022.0 |
| 008 |
110906s2010 ||||||viesd |
| 041 |
0 |
# |
|a vie
|
| 082 |
1 |
4 |
|a 891.730 09
|b NGH250TH
|
| 100 |
1 |
# |
|a Lê, Thị Hiền
|
| 245 |
1 |
0 |
|a Nghệ thuật phân tích tâm lý nhân vật trong " Tội ác và trừng phạt " của Đôxtôiepxki
|b Khóa luận tốt nghiệp : Ngành Sư phạm Ngữ Văn: Trình độ : Đại học
|c Lê Thị Hiền, Nguyễn Thị Xuân Lan; Nguyễn Phước Hiểu hướng dẫn
|
| 260 |
# |
# |
|a Đồng Tháp
|b Trường Đại học Đồng Tháp
|c 2010
|
| 300 |
# |
# |
|a 88 tr.
|c 30 cm.
|e 1 bản tóm tắt
|b ảnh màu
|
| 500 |
# |
# |
|a ĐTTTS ghi: Bộ Giáo dục và Đào tạo. Trường Đại học Đồng Tháp
|
| 504 |
# |
# |
|a Thư mục : tr.87 -88
|
| 600 |
0 |
4 |
|a Đôxtôiepxki
|
| 650 |
|
|
|a Nghiên cứu văn học
|z Nga
|
| 653 |
# |
# |
|a Tiểu thuyết
|
| 653 |
# |
# |
|a Tâm lý nhân vật
|
| 700 |
1 |
# |
|a Nguyễn, Phước Hiểu
|e hướng dẫn
|
| 700 |
1 |
# |
|a Nguyễn, Thị Xuân Lan
|
| 852 |
# |
# |
|b Kho đọc
|j KD.0011515, KD.0013966
|
| 852 |
# |
# |
|j KD.0013966
|j KD.0011515
|
| 910 |
# |
# |
|a Ntuyet
|d 06/09/2011
|
| 980 |
# |
# |
|a Trung tâm Học liệu Lê Vũ Hùng, Trường Đại học Đồng Tháp
|